00931nam a22002177a 4500003000900000008004100009040007100050082002300121100002100144245005300165260004600218300002600264440006000290505025000350650001400600650001600614650001500630650001700645650001500662700003600677AR-CdUCM190313b ||||| |||| 00| 0 spa d aMUNICIPALIDAD PROVINCIAL DEL CUSCOcBIBLIOTECA MUNICIPAL DEL CUSCO 25ed.a335.4 /bC91 aCroce, Benedetto aMaterialismo Histórico y Economía Marxista / aBuenos Aires :bEdiciones Imán ;c1942. a318 páginas ;c21cm aColección Panorama de la Filosofía y de la Cultura  aContenido: Forma científica del materialismo histórico -- Las teorías históricas del profesor Loria -- Interpretación y crítica de algunos conceptos marxistas -- El libro del profesor Rudolf Stammler -- Marxismo y economía pura...  aMarxismo  aSocialismo  aComunismo  aFilosofía  aEconomía aCaletti, Oberdan (traducción)